83 Babynamen der Woche 23/25' - Statistiken

Allgemein
  • Dieses Quiz wurde 10 mal gespielt
  • Das Durchschnittsergebnis liegt bei 27 aus 83
Antwortstatistiken
📍 Vorname % Korrekt
Am.l.e ♀️ Amelie
100%
A.t.n ♂️ Anton
100%
A.f..d ♂️ Alfred
78%
A.w.n ♂️ Alwin
67%
C.m.l.a ♀️ Camilla
67%
G.o.g ♂️ Georg
67%
H.z.l ♀️ Hazel
67%
L.a ♀️ Lea
67%
A.t.n.t.e ♀️ Antonette
56%
B. ♂️ Bo
56%
D.f.e ♀️ Defne
56%
F.i.z ♂️ Fritz
56%
Gw..d.l.n ♀️ Gwendolin
56%
Ko.s.a.t.n ♂️ Konstantin
56%
Le.p..d ♂️ Leopold
56%
L.k.s ♂️ Lukas
56%
A.t.n.a ♀️ Antonia
44%
F.l.c.t.s ♀️ Felicitas
44%
F.a.z ♂️ Franz
44%
G.b.i.l ♂️ Gabriel
44%
He.m.t ♂️ Helmut
44%
H.b..t.s ♂️ Hubertus
44%
L.s.e ♂️ Lasse
44%
L.l.y ♀️ Lilly
44%
M.r.a ♀️ Maria
44%
M.l.s.a ♀️ Melissa
44%
Mi.a ♀️ Mila
44%
Ot.o ♂️ Otto
44%
Ph.l.p.a ♀️ Philippa
44%
R.b.k.a ♀️ Rebekka
44%
R.b.n ♂️ Robin
44%
U.e ♂️ Uwe
44%
Vi.t.r.a ♀️ Victoria
44%
We.n.r ♂️ Werner
44%
Wi.h..m ♂️ Wilhelm
44%
W.l.g..g ♂️ Wolfgang
44%
An.i.a ♀️ Annika
33%
E.i.n ♂️ Elian
33%
Gi.a ♀️ Gina
33%
J.l..a ♀️ Jolina
33%
J.r.s ♂️ Joris
33%
Le.n.e ♀️ Leonie
33%
Li.o ♂️ Lino
33%
L.t.a ♀️ Lotta
33%
My.a ♀️ Myra
33%
S.s.i ♀️ Sissi
33%
S.p..a ♀️ Sophia
33%
S.n.y ♀️ Sunny
33%
Ti.l ♂️ Till
33%
Yu.a ♀️ Yuna
33%
B.a..a ♀️ Bianca
22%
F.l..a ♀️ Felina
22%
H.l.a ♀️ Helga
22%
L.d.v..a ♀️ Ludovica
22%
Lu.a ♀️ Luna
22%
P.n.l..e ♀️ Penelope
22%
Th.r.s.a ♀️ Theresia
22%
Au.t.a ♀️ Austra
11%
B.y.n ♀️ Bayan
11%
El.n ♂️ Elon
11%
F.e.l ♂️ Fjell
11%
He.t.r ♂️ Hector
11%
L.n.s ♂️ Lunas
11%
M.l..y ♀️ Melody
11%
Ro.a ♀️ Rosa
11%
Su.y ♀️ Suzy
11%
T.m..s ♂️ Timäus
11%
To.r.s ♀️ Tomris
11%
An.i..i ♀️ Annikki
0%
Ar.a ♀️ Arta
0%
Az.r ♂️ Azur
0%
Ed.i ♂️ Eddi
0%
E.i.e ♀️ Elise
0%
Fi.j.s ♂️ Finjus
0%
Hu.a ♀️ Huda
0%
Ka.s.n ♂️ Kaysan
0%
K.i.a ♀️ Keila
0%
K.r.i.i.n ♂️ Korbinian
0%
Le.l.e ♂️ Leslie
0%
N.r.i.h ♀️ Neraiah
0%
Ra.n.a ♀️ Raynna
0%
S.p.i.e ♀️ Saphira
0%
Ur.s ♂️ Uras
0%
Keine übereinstimmenden Quizze gefunden
Verteilung der Resultate
Anzahl Personen mit jedem Resultat
Perzentil nach korrekt beantworteten Fragen
Ihre Resultats-Entwicklung
Sie haben dieses Quiz noch nicht gespielt